| 000 | 02193nam a22002777a 4500 | ||
|---|---|---|---|
| 003 | DO-SdBPM | ||
| 005 | 20250903125440.0 | ||
| 007 | ta | ||
| 008 | 210318b2015 dr ||| 00| 0 spa d | ||
| 020 | _a9789945452815 | ||
| 040 |
_aDO-SdBPM _bspa _cBPMSU _erda |
||
| 082 | 4 |
_a972.9304 _bZ12p 2015 _222 |
|
| 100 |
_a Zabala Lorenzo, Roque _d1954 - |
||
| 245 | 1 | 0 |
_aProclamas de independencia / _cRoque Zabala Lorenzo |
| 264 |
_aSanto Domingo : _bLibrería la Trinitaria , _c2015 |
||
| 300 |
_a186 páginas : _bilustración ; _c21 cm. |
||
| 336 |
_atexto _btxt _2rdacontent |
||
| 337 |
_asin mediación _bn _2rdamedia |
||
| 338 |
_avolumen _bnc _2rdacarrier |
||
| 500 | _aIncluye datos biográficos en la contraportada | ||
| 505 | 0 | _aIntroducción, 5.-- Recorrido histórico, 11.-- Documento mediante el cual la parte Este de la isla se convierte en colonia española. Declaración de Bondillo, 71.-- Documento del 1ro. de diciembre de 1821 sobre separación de la isla de la corona española - Independencia Efímera. Declaración de Independencia del pueblo dominicano, 73.-- Documento de Independencia de la parte Este de la isla de Santo Domingo de la República de Haití. Manifiesto de los pueblos de la parte Este de la isla antes Española o de Santo Domingo sobre las causas de su independencia de la República de Haití. 16 de enero de 1844, 87.-- Documento mediante el cual Santiago y la parte Norte del país desconocen el gobierno del la capital encabezado por Buenaventura Báez. Manifiesto de los pueblos del Cibao y de las causas que los han impulsado a reasumir sus derechos, 101.-- Documento en el cual se reúnen las fuerzas restauradoras en Santiago y eligen a José Antonio Salcedo como Presidente de la República. Acta de Independencia, Santiago 14 de septiembre del 1863, 107.-- Restauración. Anexos, 117.-- Acta Constitutiva del Gobierno Provisional del Estado independiente de la parte Española de Haití, 121.-- Constitución del 19 de Febrero de 1858, 133.-- Bibliografía, 185. | |
| 590 | _ainventariado, 2025 /VM | ||
| 651 | 7 |
_aRepública Dominicana _xHistoria _yIndependencia nacional 1844 |
|
| 910 | _aVMateo V. Control de calidad. BPMSU | ||
| 942 |
_2ddc _cBK |
||
| 999 |
_c13402 _d13402 |
||